| 000 | 02066nam0a2200445 i 4500 | ||
|---|---|---|---|
| 001 | RU\NLR\BIBL_A\011165882 | ||
| 005 | 20241103115528.0 | ||
| 010 |
_a9785917184319 _9500 |
||
| 021 |
_aRU _b2016-47337 _93047 |
||
| 035 | _a(NILC)RuMoRGB-008512248 | ||
| 035 | _a(NLR Aleph) 011165882 | ||
| 090 |
_a11741376 _c11741376 |
||
| 100 | _a20160624d2016 m y0rusy50 ba | ||
| 101 | 0 |
_aeng _afre _ager _arus _drus |
|
| 102 | _aRU | ||
| 105 | _aabc|j|||000yy | ||
| 200 | 1 |
_aMultilingual guide to the English speaking world _ea self-reference and practice workbook with answers _fA. A. Prokhorova |
|
| 210 |
_aКраснодар _cИздательский Дом - Юг _d2016 |
||
| 215 |
_a591с. _cил., цв. ил., портр., карты _d21 |
||
| 300 | _aЗагл. обл. также на нем. яз.: Mehrsprachiger Leitfaden für die englischsprachige Welt; на фр. яз.: Manuel multilingue dans le monde anglophone | ||
| 300 | _aТекст на англ., фр., нем., рус. яз. | ||
| 300 | _aРез. на рус. яз. | ||
| 320 | _aБиблиогр.: с. 584-586 | ||
| 320 | _aСписок соч. авт.: с. 588-589 | ||
| 512 | 1 | _aMehrsprachiger Leitfaden für die englischsprachige Welt | |
| 512 | 1 | _aManuel multilingue dans le monde anglophone | |
| 541 | 0 | _aМногоязычный путеводитель в англоязычный мир. | |
| 606 | 1 |
_aАнглийский язык _jУчебные издания _9972309 _3RU\NLR\AUTH\6646032 |
|
| 606 | 1 |
_aНемецкий язык _jУчебные издания _91063964 _3RU\NLR\AUTH\66413315 |
|
| 606 |
_aФранцузский язык _jУчебные издания _91524672 _3RU\NLR\AUTH\66964829 |
||
| 675 | _a811.111 | ||
| 686 | 1 |
_aШ143.21-93рус _bД890(0) |
|
| 686 | 1 |
_aШ143.24-93рус _bД890(0) |
|
| 686 | 1 |
_aШ147.11-93рус _bД890(0) |
|
| 700 | 1 |
_7ba _8rus _aProchorova _bA. A. _gAnna Aleksandrovna _9245346 _3RU\NLR\AUTH\770245402 |
|
| 801 | 0 |
_aRU _bРГБ _c20160607 _gRCR |
|
| 942 | _cBOOK | ||
| 980 | _aNBR | ||